000 00208nam a22000857a 4500
008 161228b xxu||||| |||| 00| 0 eng d
100 _92226
_aNcert
245 _aMoments English IX
260 _aNew Delhi
_bNCERT
_c2007
999 _c5115
_d5115